000 00352 a2200157 4500
001 59923
020 _a3872947842
040 _cAnchieta - Pituba
100 _aFrommlet, Wolfram
240 1 0 _aMond und morgenstern
_lpor
245 1 0 _aMond und morgenstern
300 _a45
362 0 _a1999
650 4 _aLiteratura juvenil em alemão
942 _cBK
999 _c59923
_d59923